L'Església es més / (Record no. 20834)

MARC details
000 -LEADER
campo de control de longitud fija 00581nam a2200193 i 4500
001 - NÚMERO DE CONTROL
campo de control 20834
003 - IDENTIFICADOR DE NÚMERO DE CONTROL
campo de control ES-MaACL
005 - FECHA Y HORA DE LA ÚLTIMA TRANSACCIÓN
campo de control 20230906152354.0
007 - CAMPO FIJO DE DESCRIPCIÓN FÍSICA--INFORMACIÓN GENERAL
campo de control de longitud fija t|
008 - DATOS DE LONGITUD FIJA--INFORMACIÓN GENERAL
campo de control de longitud fija 021119s1967 sp ||||1| cat d
100 1# - ENTRADA PRINCIPAL--NOMBRE DE PERSONA
Nombre de persona Adolfs, Robert.
9 (RLIN) 18458
245 12 - MENCIÓN DEL TÍTULO
Título L'Església es més /
Mención de responsabilidad, etc. Robert Adolfs ; [traductor catalá Miquel Castanys ; revisada per Ramón Vidal].
250 ## - MENCION DE EDICION
Mención de edición 1ª ed.
260 ## - PUBLICACIÓN, DISTRIBUCIÓN, ETC.
Lugar de publicación, distribución, etc. [Barcelona] :
Nombre del editor, distribuidor, etc. Ariel,
Fecha de publicación, distribución, etc. [1967]
300 ## - DESCRIPCIÓN FÍSICA
Extensión 220 p. ;
Dimensiones 19 cm.
700 1# - ENTRADA AGREGADA--NOMBRE PERSONAL
Nombre de persona Castanys, Miquel.
9 (RLIN) 36400
700 1# - ENTRADA AGREGADA--NOMBRE PERSONAL
Nombre de persona Vidal, Ramón.
9 (RLIN) 114457
852 ## - LOCALIZACIÓN
Ubicación ES-MaACL
Número de control de estantería C-33551
Sublocalización o colección R.64357
Holdings
Estatus retirado Estado de pérdida Estado de daño No para préstamo Biblioteca de origen Biblioteca actual Ubicación en estantería Fecha de adquisición Fuente de adquisición Total de préstamos Signatura topográfica completa Código de barras Visto por última vez Precio de reemplazo Tipo de ítem Koha
        Biblioteca del Ateneo de Madrid Biblioteca del Ateneo de Madrid Depósito 2 17/01/2008     C-33551 1021396 23/02/2023 23/02/2023 Libro impreso